000 00588nam a22001817a 4500
999 _c195660
_d195660
005 20230412171534.0
010 _aENG-136665
020 _a9789390627011
_c800.00
035 _aEN-120197
037 _bDBAD/PUB
082 _a581.634
245 0 0 _aSignificance of indian medical plants and mushrooms /
_cEdited by Ved Prakash
260 _aGujrat
_bKrishna Publication House
_c2020
270 _a303 yash kunj apartment Devbaug Anantwadi Bhvnagar
_bGujarat
_e364002
300 _a476p.;
_c22cm(pbk)
700 _aVed Prakash
_eEditor
942 _2ddc
_cEN
_mSIG
_h581.634